Archaeology and the Public Purpose: (Record no. 183370)
[ view plain ]
| 000 -LEADER | |
|---|---|
| fixed length control field | 00631 a2200193 4500 |
| 005 - DATE AND TIME OF LATEST TRANSACTION | |
| control field | 20211223154700.0 |
| 010 ## - LCCN (DPL NO) | |
| LC control number | ENG-130562 |
| 020 ## - INTERNATIONAL STANDARD BOOK NUMBER | |
| International Standard Book Number | 978-0-19-013048-0 |
| Terms of availability | 1595.00 |
| 035 ## - SYSTEM CONTROL NUMBER | |
| System control number | EN-114094 |
| 037 ## - SOURCE OF ACQUISITION | |
| Source of stock number/acquisition | DBAD/PUB |
| 082 ## - DEWEY DECIMAL CLASSIFICATION NUMBER | |
| Classification number | 934 |
| Item number | 1 |
| 100 ## - MAIN ENTRY--PERSONAL NAME | |
| Personal name | Lahiri, Nayanjot |
| 245 ## - TITLE STATEMENT | |
| Title | Archaeology and the Public Purpose: |
| Remainder of title | Writings on and by M.N Deshpande/ |
| Statement of responsibility, etc | Nayanjot Lahiri |
| 250 ## - EDITION STATEMENT | |
| Edition statement | 2021 |
| 260 ## - PUBLICATION, DISTRIBUTION, ETC. (IMPRINT) | |
| Place of publication, distribution, etc | New Delhi |
| Name of publisher, distributor, etc | Oxford University Press |
| Date of publication, distribution, etc | 2020 |
| 270 ## - ADDRESS | |
| Address | 22 Workspace, 2nd Floor, 1/22 Asaf Ali Road |
| City | New Delhi |
| Postal code | 110002 |
| 300 ## - PHYSICAL DESCRIPTION | |
| Extent | xii,335 p. |
| Dimensions | 22cm (hbk) |
| Other physical details | Index |
| 942 ## - ADDED ENTRY ELEMENTS (KOHA) | |
| Institution code [OBSOLETE] | dpl |
| Item type | English Books |
| Source of classification or shelving scheme | Dewey Decimal Classification |
| Classification part | 934 |
| Call number suffix | LAH |
| Withdrawn status | Lost status | Not for loan | Collection code | Home library | Current library | Date acquired | Source of acquisition | Cost, normal purchase price | Full call number | Barcode | Copy number | Cost, replacement price | Koha item type |
|---|---|---|---|---|---|---|---|---|---|---|---|---|---|
| Non-fiction | Central Library | Central Library | 23/12/2021 | DBAD/PUB | 1595.00 | 934 LAH | EN-114094 | 1 | 1595.00 | English Books |
